Harry Potter - The Sorting Hat #2 - Statistics

General Stats
  • This quiz has been taken 950 times
  • The average score is 18 of 24
Answer Stats
Hint Answer % Correct
Harry Potter Gryffindor
100%
Lucius Malfoy Slytherin
99%
Albus Dumbledore Gryffindor
96%
Vincent Crabbe Slytherin
95%
Tom Riddle Slytherin
95%
Pomona Sprout Hufflepuff
93%
Dean Thomas Gryffindor
90%
Cho Chang Ravenclaw
90%
Lee Jordan Gryffindor
86%
Peter Pettigrew Gryffindor
86%
Lavender Brown Gryffindor
84%
Katie Bell Gryffindor
82%
Regulus Black Slytherin
80%
Filius Flitwick Ravenclaw
77%
Xenophilius Lovegood Ravenclaw
76%
Marcus Flint Slytherin
69%
Alicia Spinnet Gryffindor
65%
Myrtle Warren Ravenclaw
61%
Garrick Ollivander Ravenclaw
61%
Marietta Edgecombe Ravenclaw
54%
Zacharias Smith Hufflepuff
53%
Romilda Vane Gryffindor
51%
Anthony Goldstein Ravenclaw
41%
Nigel Wolpert Gryffindor
31%
No matching quizzes found
Score Distribution
Percent of People with Each Score
Percentile by Number Answered
Your Score History
You have not taken this quiz